000 01266nam0a2200361 4500
001 RU\NLR\bibl\346179
005 20260406121603.0
010 _a5-699-00140-9
_96000
021 _aRU
_b2002-46063
_92229
035 _a(NLR Aleph) 000340996
090 _a216404
_c216404
100 _a20021203d2002 |||y0rusy50 ca
101 0 _arus
102 _aRU
105 _ay |||||||||
200 1 _aПолуночный лихач
_e[Роман]
_fЕлена Арсеньева
210 _aМ.
_cЭКСМО
_d2002
215 _a380,[1] с.
_d17
225 1 _aРусский криминально-любовный роман
320 _aНа 2-й с. др. произведения авт.
610 0 _aДетективные романы и рассказы (х. л.)
675 _a821.161.1-31Арсеньева
_v3
_zrus
686 _a17.82
_2rugasnti
686 _a84(2Рос-Рус)6-44
_2rubbk
686 _aШ6(2=Р)75-446
700 1 _4070
_8rus
_7ca
_aАрсеньева
_bЕ. А.
_cписатель
_f1952-
_gЕлена Арсеньевна
_3RU\NLR\auth\77572
_9110618
801 0 _aRU
_bRKP
_c20021203
_gPSBO
801 1 _aRU
_bRKP
_c20021203
801 2 _aRU
_bNLR
_c20021227
_grcr
942 _cBOOK
980 _aNB